000 00440nam a2200193Ia 4500
005 20240823022944.0
008 240823s9999||||xx |||||||||||||| ||und||
020 _a0-34-400151-9
041 _aENGLISH
082 _A823 P6
100 _aKrishnamurti J
245 0 _aCommentaries on Living
250 _a1st
260 _c2006
_b"Penguin Books,New "
500 _aYES
650 _aLiving
_bGeneral
942 _cBK
999 _c180396
_d180396